000
00319 a2200145 4500
001
180574
020
_a
040
_c
Magnum
100
_a
Ribeiro, Alcione Fernandes
240
1
0
_a
A casa dos sonhos
_l
por
245
1
0
_a
A casa dos sonhos
362
0
_a
1899
697
_a
MAGNITO: I/AVENTURA, CRIANCAS
942
_c
BK
999
_c
180574
_d
180574